Lord of the Mysteries - The Door Pathway - Statistics

General Stats
  • This quiz has been taken 58 times
  • The average score is 8 of 10
Answer Stats
Sequence Number Name of Potion % Correct
Sequence 0 The Door
97%
Sequence 9 Apprentice
91%
Sequence 5 Traveler
89%
Sequence 8 Trickmaster
86%
Sequence 6 Scribe
80%
Sequence 7 Astrologer
77%
Sequence 1 Key Of Stars
77%
Sequence 2 Planeswalker
77%
Sequence 3 Wanderer
74%
Sequence 4 Secrets Sorcerer
69%
No matching quizzes found
Score Distribution
Percent of People with Each Score
Percentile by Number Answered
Your Score History
You have not taken this quiz